| 000 | 00696nam a22002057a 4500 | ||
|---|---|---|---|
| 001 | 0000000479 | ||
| 003 | PPM | ||
| 005 | 20250922161758.0 | ||
| 008 | 250922b ||||| |||| 00| 0 eng d | ||
| 020 | _qHardback | ||
| 035 | _a0000000479 | ||
| 040 |
_bEng _cPusat Penyelidikan Mineral, Jabatan Mineral Dan Geosains Malaysia _erda |
||
| 082 | 0 | 0 |
_223 _a627.74 _bDEK 1927 |
| 100 | 1 |
_aDekker, P. M. _eauthor |
|
| 245 | 1 | 0 |
_aDredging And Dredging Appliances / _cby P. M. Dekker ; with an introduction by Sir Robert Hadfield |
| 260 | 1 |
_a London : _bCrosby Lockwood & Son , _c1927 |
|
| 300 | 0 | 0 |
_axvi, 170 pages .: _b7 fold. pl., diagrams, illustrations .; _c28 cm |
| 650 | 1 | 0 | _aDredges |
| 942 |
_2ddc _cBK |
||
| 999 |
_c26790 _d26790 |
||